Prisoners of the pit / (Record no. 566)

MARC details
000 -LEADER
fixed length control field 01249cam a22003857a 4500
005 - DATE AND TIME OF LATEST TRANSACTION
control field 20230616135414.0
020 ## - INTERNATIONAL STANDARD BOOK NUMBER
International Standard Book Number 9780439890342 (pbk.)
020 ## - INTERNATIONAL STANDARD BOOK NUMBER
International Standard Book Number 0439890349 (pbk.)
020 ## - INTERNATIONAL STANDARD BOOK NUMBER
International Standard Book Number 9781428750203 (BWI bdg.)
020 ## - INTERNATIONAL STANDARD BOOK NUMBER
International Standard Book Number 1428750207 (BWI bdg.)
040 ## - CATALOGING SOURCE
Original cataloging agency BKX
Transcribing agency BKX
Modifying agency BTCTA
-- BAKER
-- DLC
050 00 - LIBRARY OF CONGRESS CALL NUMBER
Classification number PZ7.F2466
Item number Pr 2007
082 00 - DEWEY DECIMAL CLASSIFICATION NUMBER
Classification number [Fic]
Edition number 22
100 1# - MAIN ENTRY--PERSONAL NAME
Personal name Farshtey, Greg.
245 10 - TITLE STATEMENT
Title Prisoners of the pit /
Statement of responsibility, etc. by Greg Farshtey.
246 1# - VARYING FORM OF TITLE
Display text Title appears on item as:
Title proper/short title Bionicle prisoners of the pit
260 ## - PUBLICATION, DISTRIBUTION, ETC.
Place of publication, distribution, etc. New York :
Name of publisher, distributor, etc. Scholastic,
Date of publication, distribution, etc. 2007.
300 ## - PHYSICAL DESCRIPTION
Extent 122 pages ;
Dimensions 20 cm.
490 1# - SERIES STATEMENT
Series statement Bionicle legends ;
Volume/sequential designation #7
505 ## - FORMATTED CONTENTS NOTE
Formatted contents note H
520 ## - SUMMARY, ETC.
Summary, etc. The Tao are trapped in the depths of the ocean and must find a way to escape as well as deal with Makuta.
521 ## - TARGET AUDIENCE NOTE
Target audience note 520 <br/>
Source Lexile
521 ## - TARGET AUDIENCE NOTE
Target audience note H <br/>
Source Raz-Plus
650 #0 - SUBJECT ADDED ENTRY--TOPICAL TERM
Topical term or geographic name entry element LEGO toys
Form subdivision Juvenile fiction.
650 #0 - SUBJECT ADDED ENTRY--TOPICAL TERM
Topical term or geographic name entry element Heroes
Form subdivision Juvenile fiction.
650 #0 - SUBJECT ADDED ENTRY--TOPICAL TERM
Topical term or geographic name entry element Good and evil
Form subdivision Juvenile fiction.
650 #1 - SUBJECT ADDED ENTRY--TOPICAL TERM
Topical term or geographic name entry element Heroes
Form subdivision Fiction.
650 #1 - SUBJECT ADDED ENTRY--TOPICAL TERM
Topical term or geographic name entry element Good and evil
Form subdivision Fiction.
650 #1 - SUBJECT ADDED ENTRY--TOPICAL TERM
Topical term or geographic name entry element Fantasy.
655 #7 - INDEX TERM--GENRE/FORM
Genre/form data or focus term Fantasy fiction.
Source of term gsafd
906 ## - LOCAL DATA ELEMENT F, LDF (RLIN)
a 7
b cbc
c copycat
d 2
e ncip
f 20
g y-gencatlg
942 ## - ADDED ENTRY ELEMENTS (KOHA)
Source of classification or shelving scheme Dewey Decimal Classification
Koha item type Books
Suppress in OPAC No
999 ## -
-- 566
-- 566
Holdings
Withdrawn status Lost status Source of classification or shelving scheme Damaged status Not for loan Collection Home library Current library Shelving location Date acquired Total Checkouts Full call number Barcode Date last seen Date last checked out Price effective from Koha item type
    Dewey Decimal Classification     Juvenile Fiction Footprints International School Library Network Toul Kork Campus Footprints International School Library Network Toul Kork Campus TK Primary Library Room(4th Floor), Bookcase 3&4, Shelves 17-32, Yellow Books 06/16/2023 1 FAR Fic PZ7.F24 FISTK01019 10/05/2023 09/21/2023 06/16/2023 Books